| 000 | 01146nam a2200301 4500 | ||
|---|---|---|---|
| 001 | vtls000622660 | ||
| 003 | MY-SjTCS | ||
| 005 | 20200226120653.0 | ||
| 008 | 110218s1967 enk 000 0 eng | ||
| 020 | _a0140707050 (pbk.) | ||
| 039 | 9 |
_a201609071306 _bpatrick _c201409190935 _dpatrick _c201407031240 _dpatrick _c201404251155 _dpatrick _y200407271827 _zVLOAD |
|
| 082 | 0 | 4 |
_a822.33 _bSHA |
| 100 | 1 |
_aShakespeare, William, _d1564-1616 _xTragedies |
|
| 245 | 1 | 0 |
_aMacbeth / _cWilliam Shakespeare ; edited by G.K. Hunter |
| 260 |
_aMiddlesex, England : _bPenguin Books, _c1967 |
||
| 300 |
_a200 p. ; _c18 cm. |
||
| 440 | 0 |
_aNew Penguin Shakespeare _984985 |
|
| 500 | _aReprinted with revised Further Reading and Account of the Text, 1995 | ||
| 505 | 0 | _aIntroduction. - Further Reading. - MACBETH. - Commentary. - An Account of the Text | |
| 590 | _aESL Studies : 2ELG20 | ||
| 590 | _aLiterature Eng : 9695 | ||
| 590 | _aEnglish : ENG4U | ||
| 600 | 1 | 0 |
_aShakespeare, William, _d1564-1616. _tMacbeth. |
| 700 | 1 |
_aHunter, G. K. _984986 |
|
| 920 | _aSAM | ||
| 921 | _aCPU : 62862, 62863, 62864, 62865, 62866, 62969 | ||
| 922 | _aCAL : 223059 | ||
| 999 | _c168490 | ||